Manažment zdravotného stavu onkologických pacientov prostredníctvom telemedicíny
Guardado en:
| Autor principal: | |
|---|---|
| Otros Autores: | |
| Formato: | Manuscrito Libro |
| Lenguaje: | eslovaco |
| Publicado: |
2021
|
| Materias: | |
| Acceso en línea: | http://is.stuba.sk/zp/portal_zp.pl?podrobnosti=148133 |
| Etiquetas: |
Sin Etiquetas, Sea el primero en etiquetar este registro!
|
MARC
| LEADER | 00000ntm a22000003a 4500 | ||
|---|---|---|---|
| 001 | stuzp85431 | ||
| 003 | SK-STU | ||
| 005 | 20210626212151.1 | ||
| 007 | ta | ||
| 008 | 150427s2015----xo-----f-mn---000-0-slo-d | ||
| 040 | |a STU |b slo | ||
| 041 | 0 | |a slo | |
| 100 | 1 | |a Andrášiková, Barbora |u 070200 |4 aut |U FIIT Fakulta informatiky a informačných technológií |T FIIT Ústav informatiky, informačných systémov a softvérového inžinierstva |X 96653 |U I200 |Y 179 |7 96653 | |
| 242 | 0 | 1 | |a Management of Healthcare in Oncology Patients using Telemedicine |y eng |
| 245 | 1 | 0 | |a Manažment zdravotného stavu onkologických pacientov prostredníctvom telemedicíny |
| 260 | |c 2021 | ||
| 650 | 4 | |a telemedicína |2 slo | |
| 650 | 4 | |a rakovina |2 slo | |
| 650 | 4 | |a webová aplikácia |2 slo | |
| 650 | 4 | |a telemedicine |2 eng | |
| 650 | 4 | |a cancer |2 eng | |
| 650 | 4 | |a web app |2 eng | |
| 700 | 1 | |a Lehocki, Fedor |u 070200 |k Z1 |4 ths |U FIIT Fakulta informatiky a informačných technológií |T FIIT Ústav informatiky, informačných systémov a softvérového inžinierstva |X 1888 |U I200 |Y 179 |7 000001888 | |
| 856 | 4 | |u http://is.stuba.sk/zp/portal_zp.pl?podrobnosti=148133 | |